2°×2°经纬度方格内人口最多的城市(城市点位地图版) - Statistics

General Stats
  • This quiz has been taken 49 times
  • The average score is 140 of 176
Answers on the Map
Answers color-coded by a green-red scale on the quiz's map according to % correct below.
 
Answer Stats
经纬度 省级行政区 人口 地级行政区 % Correct
24°N 102°E 云南省 5950578 昆明市
95%
18°N 110°E 海南省 1031396 三亚市
95%
20°N 110°E 海南省 2873358 海口市
95%
36°N 118°E 山东省 8352574 济南市
95%
32°N 120°E 江苏省 6715559 苏州市
95%
36°N 120°E 山东省 7172451 青岛市
95%
42°N 124°E 辽宁省 7885142 沈阳市
95%
30°N 88°E 西藏自治区 158290 日喀则市
92%
44°N 88°E 新疆维吾尔自治区 3980779 乌鲁木齐市
92%
30°N 92°E 西藏自治区 648044 拉萨市
92%
36°N 102°E 青海省 1954795 西宁市
92%
30°N 104°E 四川省 15419445 成都市
92%
30°N 106°E 直辖市 25379469 重庆市
92%
16°N 112°E 海南省 2433 三沙市
92%
38°N 112°E 山西省 4529141 太原市
92%
40°N 112°E 内蒙古自治区 2545608 呼和浩特市
92%
22°N 114°E 广东省 17338162 深圳市
92%
24°N 114°E 广东省 18676605 广州市
92%
30°N 114°E 湖北省 12447718 武汉市
92%
34°N 114°E 河南省 6650120 郑州市
92%
38°N 116°E 河北省 3154062 保定市
92%
40°N 116°E 直辖市 21893095 北京市
92%
32°N 118°E 江苏省 9314685 南京市
92%
34°N 118°E 江苏省 3589215 徐州市
92%
40°N 118°E 直辖市 13866009 天津市
92%
22°N 120°E 台湾省 2734275 高雄市
92%
26°N 122°E 台湾省 2594581 台北市
92%
32°N 122°E 直辖市 24870895 上海市
92%
38°N 122°E 辽宁省 5736383 大连市
92%
40°N 124°E 辽宁省 815858 丹东市
92%
44°N 126°E 吉林省 5539649 长春市
92%
46°N 126°E 黑龙江省 6976136 哈尔滨市
92%
40°N 76°E 新疆维吾尔自治区 782662 喀什市
89%
30°N 94°E 西藏自治区 84254 林芝市
89%
42°N 94°E 新疆维吾尔自治区 569388 哈密市
89%
26°N 102°E 四川省 806395 攀枝花市
89%
36°N 104°E 甘肃省 3186658 兰州市
89%
26°N 106°E 贵州省 4506134 贵阳市
89%
28°N 106°E 贵州省 2360549 遵义市
89%
38°N 106°E 宁夏回族自治区 1901793 银川市
89%
40°N 106°E 内蒙古自治区 556621 乌海市
89%
22°N 108°E 广西壮族自治区 5977185 南宁市
89%
34°N 108°E 陕西省 11133823 西安市
89%
26°N 110°E 广西壮族自治区 1725865 桂林市
89%
40°N 110°E 内蒙古自治区 2283770 包头市
89%
28°N 112°E 湖南省 5980707 长沙市
89%
34°N 112°E 河南省 3443805 洛阳市
89%
26°N 114°E 江西省 2588060 赣州市
89%
38°N 114°E 河北省 5758403 石家庄市
89%
24°N 116°E 广东省 5437602 汕头市
89%
28°N 116°E 江西省 3929660 南昌市
89%
30°N 116°E 江西省 1164268 九江市
89%
24°N 118°E 福建省 5163970 厦门市
89%
38°N 118°E 山东省 1433587 东营市
89%
24°N 120°E 台湾省 3033840 台中市
89%
26°N 120°E 福建省 4094491 福州市
89%
28°N 120°E 浙江省 3004246 温州市
89%
30°N 120°E 浙江省 10711238 杭州市
89%
34°N 120°E 江苏省 2829864 淮安市
89%
40°N 120°E 河北省 1881047 秦皇岛市
89%
30°N 122°E 浙江省 5057140 宁波市
89%
40°N 122°E 辽宁省 1162213 营口市
89%
46°N 124°E 吉林省 713430 松原市
89%
48°N 124°E 黑龙江省 1406987 齐齐哈尔市
89%
42°N 130°E 吉林省 686136 延吉市
89%
38°N 80°E 新疆维吾尔自治区 501028 和田市
87%
48°N 88°E 新疆维吾尔自治区 221454 阿勒泰市
87%
32°N 92°E 西藏自治区 104490 那曲市
87%
40°N 98°E 甘肃省 455611 酒泉市
87%
38°N 100°E 甘肃省 519096 张掖市
87%
28°N 104°E 四川省 2158312 宜宾市
87%
32°N 104°E 四川省 2232865 绵阳市
87%
20°N 108°E 海南省 444458 东方市
87%
24°N 110°E 广西壮族自治区 2519051 柳州市
87%
30°N 110°E 湖北省 836781 恩施市
87%
32°N 110°E 湖北省 1428629 十堰市
87%
38°N 110°E 陕西省 1251557 榆林市
87%
30°N 112°E 湖北省 1547599 宜昌市
87%
40°N 114°E 山西省 2030203 大同市
87%
26°N 118°E 福建省 1167625 龙岩市
87%
42°N 118°E 内蒙古自治区 1460381 赤峰市
87%
42°N 120°E 辽宁省 685608 朝阳市
87%
28°N 122°E 浙江省 2162461 台州市
87%
42°N 122°E 辽宁省 1166481 盘锦市
87%
44°N 122°E 内蒙古自治区 921808 通辽市
87%
46°N 122°E 吉林省 474276 白城市
87%
52°N 122°E 黑龙江省 54036 漠河市
87%
50°N 128°E 黑龙江省 223832 黑河市
87%
46°N 130°E 黑龙江省 862555 佳木斯市
87%
46°N 84°E 新疆维吾尔自治区 490348 克拉玛依市
84%
32°N 98°E 西藏自治区 148511 昌都市
84%
38°N 102°E 甘肃省 885277 武威市
84%
22°N 112°E 广东省 1292987 阳江市
84%
32°N 112°E 湖北省 2319640 襄阳市
84%
36°N 112°E 山西省 959198 临汾市
84%
28°N 114°E 湖南省 1734201 株洲市
84%
36°N 114°E 河北省 3724728 邯郸市
84%
50°N 118°E 内蒙古自治区 150508 满洲里市
84%
48°N 128°E 黑龙江省 360347 伊春市
84%
44°N 130°E 黑龙江省 930015 牡丹江市
84%
48°N 130°E 黑龙江省 545404 鹤岗市
84%
44°N 86°E 新疆维吾尔自治区 498587 石河子市
82%
26°N 100°E 云南省 903081 保山市
82%
26°N 104°E 云南省 1594721 曲靖市
82%
34°N 106°E 甘肃省 1212791 天水市
82%
22°N 110°E 广东省 2539148 茂名市
82%
28°N 110°E 湖南省 712584 怀化市
82%
36°N 110°E 陕西省 804086 延安市
82%
32°N 116°E 安徽省 2128538 阜阳市
82%
34°N 116°E 河南省 1859723 商丘市
82%
36°N 116°E 山东省 2230000 菏泽市
82%
50°N 120°E 内蒙古自治区 449436 呼伦贝尔市
82%
42°N 90°E 新疆维吾尔自治区 317443 吐鲁番市
79%
36°N 94°E 青海省 221863 格尔木市
79%
40°N 94°E 甘肃省 185231 敦煌市
79%
24°N 100°E 云南省 370947 临沧市
79%
28°N 100°E 云南省 186412 香格里拉市
79%
24°N 104°E 云南省 623772 文山市
79%
24°N 106°E 广西壮族自治区 780871 百色市
79%
32°N 106°E 四川省 1064766 巴中市
79%
32°N 108°E 四川省 1850869 达州市
79%
36°N 108°E 甘肃省 513856 庆阳市
79%
34°N 110°E 陕西省 1188664 渭南市
79%
24°N 112°E 广东省 1553109 肇庆市
79%
26°N 112°E 湖南省 1361085 衡阳市
79%
44°N 112°E 内蒙古自治区 75794 二连浩特市
79%
44°N 82°E 新疆维吾尔自治区 778047 伊宁市
76%
28°N 102°E 四川省 955041 西昌市
76%
34°N 104°E 甘肃省 546616 陇南市
76%
32°N 114°E 河南省 1515750 信阳市
76%
28°N 118°E 江西省 2068763 上饶市
76%
30°N 118°E 安徽省 842675 铜陵市
76%
46°N 132°E 黑龙江省 490028 七台河市
76%
42°N 80°E 新疆维吾尔自治区 715319 阿克苏市
74%
46°N 82°E 新疆维吾尔自治区 158098 塔城市
74%
38°N 90°E 青海省 18856 茫崖市
74%
38°N 98°E 青海省 88227 德令哈市
74%
24°N 108°E 广西壮族自治区 921880 河池市
74%
22°N 122°E 台湾省 106840 台东市
74%
50°N 122°E 内蒙古自治区 71437 根河市
74%
48°N 134°E 黑龙江省 97329 抚远市
74%
42°N 86°E 新疆维吾尔自治区 779352 库尔勒市
71%
36°N 106°E 甘肃省 504265 平凉市
71%
26°N 108°E 贵州省 709057 凯里市
71%
40°N 108°E 内蒙古自治区 582206 巴彦淖尔市
71%
42°N 114°E 内蒙古自治区 425059 乌兰察布市
71%
24°N 122°E 台湾省 4365947 新北市
71%
44°N 116°E 内蒙古自治区 349953 锡林浩特市
68%
44°N 80°E 新疆维吾尔自治区 71466 霍尔果斯市
66%
24°N 98°E 云南省 439931 芒市
63%
26°N 98°E 云南省 642481 腾冲市
63%
22°N 100°E 云南省 642737 景洪市
63%
32°N 102°E 四川省 58390 马尔康市
63%
48°N 120°E 内蒙古自治区 32301 阿尔山市
61%
40°N 82°E 新疆维吾尔自治区 328241 阿拉尔市
58%
44°N 124°E 吉林省 862313 公主岭市
58%
30°N 102°E 四川省 126785 康定市
55%
22°N 106°E 广西壮族自治区 129843 凭祥市
55%
22°N 116°E 广东省 1235827 陆丰市
53%
44°N 128°E 黑龙江省 724705 五常市
53%
42°N 82°E 新疆维吾尔自治区 530328 库车市
50%
26°N 116°E 江西省 613894 瑞金市
50%
46°N 120°E 内蒙古自治区 138676 霍林郭勒市
50%
48°N 122°E 内蒙古自治区 318933 扎兰屯市
50%
40°N 80°E 新疆维吾尔自治区 263245 图木舒克市
47%
42°N 126°E 吉林省 509336 梅河口市
47%
28°N 92°E 西藏自治区 13932 错那市
45%
38°N 120°E 山东省 824708 莱州市
45%
50°N 126°E 黑龙江省 355528 嫩江市
45%
30°N 108°E 湖北省 750670 利川市
42%
46°N 128°E 黑龙江省 463358 尚志市
42%
36°N 122°E 山东省 582711 海阳市
39%
44°N 84°E 新疆维吾尔自治区 262906 乌苏市
34%
48°N 132°E 黑龙江省 414090 富锦市
32%
44°N 132°E 黑龙江省 195489 东宁市
26%
48°N 126°E 黑龙江省 480216 海伦市
24%
No matching quizzes found
Score Distribution
Percent of People with Each Score
Percentile by Number Answered
Your Score History
You have not taken this quiz